00457pab a2200133 454500008004000000100001700040245014400057260000900201300001500210362000800225650002800233700002000261773004200281180718b2012 xxu||||| |||| 00| 0 eng d aMerritt, Amy aComplementing the local and global: Promoting sustainability action through linked local-level and formal sustainability funding mechanisms c2012 ap.278-291. aAug aSustainable development aStubbs, Tristan aPublic Administration and Development